| 000 | 00768nam a2200205 a 4500 | ||
|---|---|---|---|
| 003 | 0 | ||
| 005 | 20250429103201.0 | ||
| 008 | 080527s19uu xx 00 eng d | ||
| 050 |
_aPHS RC 567 _b.B35 2005 |
||
| 100 | _aBailon, Victor Anthony S. | ||
| 245 |
_aA Comparative study on the effects of smoking between adult and teenage athletes / _cVictor Anthony S. Bailon. |
||
| 260 |
_aLas PiƱas City, Philippines : _bSouthville International School and Colleges, _c2005. |
||
| 300 |
_a23 pages : _billustrations ; _c28 cm. |
||
| 504 | _aIncludes bibliographical references. | ||
| 650 |
_aSmoking _xHealth aspects. |
||
| 650 |
_aSmoking _xPhysiological effect. |
||
| 650 | _aComparative studies. | ||
| 650 |
_aTeenage athletes _xHealth and hygiene. |
||
| 942 |
_2lcc _cPASS |
||
| 999 |
_c97186 _d97186 |
||